Everyday consumer english : Dialogues, reading and practical exercises to build needed english skills

Bibliographic Details
Main Authors: Weissman, Julie (Author), Kleinmann, Howard H. (Author)
Format: Book
Language:English
Published: Lincolnwood, Ill. : National Textbook Com. 1997
Edition:Second edition
Subjects:

MARC

LEADER 00000cam a2200000 7i4500
001 0000012363
005 20241021.0
008 030909 ilu eng
020 |a 0844205737 (pbk)) 
040 |a INS   |b eng   |e rda 
090 0 0 |a PE1111   |b .W435 1997 
100 1 |a Weissman, Julie ,   |e author 
245 1 0 |a Everyday consumer english :   |b Dialogues, reading and practical exercises to build needed english skills   |c Julie Weissman, Howard H. Kleinmann 
250 |a Second edition 
264 1 |a Lincolnwood, Ill. :   |b National Textbook Com.   |c 1997 
300 |a il, 162 pages ;   |c 28 cm. 
336 |a text  |2 rdacontent 
337 |a unmediated  |2 rdamedia 
338 |a volume  |2 rdacarrier 
650 0 |a English Language   |x Grammar 
700 1 |a Kleinmann, Howard H. ,   |e author 
999 |a 0000012833   |b BOOK   |c Open Shelf   |e Default branch